[Event "XXVIII C.to Italiano a squadre"]
[Site "ITA"]
[Date "1996.??.??"]
[Round "?"]
[White "Tamai, Roberto"]
[Black "Moncher, Stefano"]
[WhiteElo "2305"]
[BlackElo "2200"]
[Result "1-0"]
[PlyCount "51"]
[EventDate "1996.02.25"]

1. c4 g6 2. g3 Bg7 3. Bg2 d6 4. Nc3 Nc6 5. e3 Nf6 6. Nge2 O-O 7. d4 a6 8. O-O
Rb8 9. Rb1 Na5 10. Qd3 c5 11. b4 cxb4 12. Rxb4 Bd7 13. Bd2 Qc7 14. Rc1 e6 15.
c5 Nc6 16. Rb3 dxc5 17. dxc5 Rfd8 18. Ne4 Ne5 19. Qd6 Qxd6 20. Nxd6 Bc6 21. Ba5
Bxg2 22. Kxg2 Rd7 23. c6 Rxd6 24. Bc7 Nxc6 25. Bxd6 Rd8 26. Bc7 1-0

[Event "XXVIII C.to Italiano a squadre"]
[Site "ITA"]
[Date "1996.??.??"]
[Round "?"]
[White "Trampetti, Luca"]
[Black "Turci, Stefano"]
[WhiteElo "1836"]
[BlackElo "2195"]
[Result "0-1"]
[PlyCount "72"]
[EventDate "1996.02.25"]

1. e4 e6 2. d4 d5 3. Nd2 Nf6 4. e5 Ng8 5. Bd3 b6 6. Ndf3 Qd7 7. Ne2 Ba6 8. O-O
c5 9. c4 Bxc4 10. Bxc4 dxc4 11. Qc2 cxd4 12. Qxc4 Nc6 13. Nexd4 Nxd4 14. Qxd4
Qxd4 15. Nxd4 Ne7 16. b3 Nd5 17. Bb2 Bc5 18. a3 Bxd4 19. Bxd4 Kd7 20. g3 h5 21.
Rac1 Rhc8 22. Kg2 Rxc1 23. Rxc1 Rc8 24. Rxc8 Kxc8 25. Kf3 Kd7 26. Ke4 Kc6 27.
Kd3 Ne7 28. f3 Kd5 29. f4 Nc6 30. Bc3 g6 31. a4 a6 32. h3 b5 33. a5 b4 34. Bd2
Nxa5 35. Bxb4 Nxb3 36. Be7 Nc5+ 0-1

[Event "XXVIII C.to Italiano a squadre"]
[Site "ITA"]
[Date "1996.??.??"]
[Round "?"]
[White "Vancini, Edoardo"]
[Black "Efimov, Igor"]
[WhiteElo "2280"]
[BlackElo "2455"]
[Result "1-0"]
[PlyCount "81"]
[EventDate "1996.02.25"]

1. e4 c5 2. c3 d5 3. exd5 Qxd5 4. d4 Nf6 5. Nf3 e6 6. Be3 cxd4 7. cxd4 Nc6 8.
Nc3 Qa5 9. a3 Be7 10. Bd3 O-O 11. O-O Rd8 12. b4 Qh5 13. b5 Na5 14. Be2 Nd5 15.
Ne5 Nxc3 16. Bxh5 Nxd1 17. Bxf7+ Kf8 18. Raxd1 Rd5 19. Bh5 Rxb5 20. Rd3 b6 21.
a4 Rb2 22. Bc1 Rb3 23. Rxb3 Nxb3 24. Bf3 Ba6 25. Bxa8 Bxf1 26. Be3 Be2 27. Be4
g6 28. Nc6 a5 29. Ne5 Ke8 30. f3 Bd1 31. Bd3 Na1 32. Bb5+ Kf8 33. Nd7+ Kg7 34.
d5 Nc2 35. Bxb6 exd5 36. Bxa5 Nd4 37. Bc3 Kf7 38. Bxd4 Bb4 39. Ne5+ Ke6 40. Nc6
Bd2 41. a5 1-0

[Event "XXVIII C.to Italiano a squadre"]
[Site "ITA"]
[Date "1996.??.??"]
[Round "?"]
[White "Ventura, Giuseppe"]
[Black "Batinti, Alberto"]
[WhiteElo "2035"]
[BlackElo "1555"]
[Result "1-0"]
[PlyCount "49"]
[EventDate "1996.02.25"]

1. d4 d5 2. c4 e6 3. Nc3 c6 4. Nf3 Be7 5. e4 Nf6 6. Bd3 dxe4 7. Nxe4 Nxe4 8.
Bxe4 Nd7 9. O-O O-O 10. Qc2 f5 11. Bd3 c5 12. Re1 cxd4 13. Rxe6 Nc5 14. Re5
Nxd3 15. Qxd3 b5 16. Rxb5 Be6 17. Re5 Qc8 18. b3 Bd6 19. Re2 f4 20. Ng5 Bf5 21.
Qxd4 Bc5 22. Qd5+ Kh8 23. Bb2 Qc7 24. Re5 h6 25. Nf3 1-0

[Event "XXVIII C.to Italiano a squadre"]
[Site "ITA"]
[Date "1996.??.??"]
[Round "?"]
[White "Villa, Flavio"]
[Black "Parigi, Riccardo"]
[WhiteElo "2000"]
[BlackElo "1924"]
[Result "0-1"]
[PlyCount "60"]
[EventDate "1996.02.25"]

1. d4 e6 2. Nf3 d5 3. g3 c5 4. Bg2 Nc6 5. O-O Nf6 6. c4 dxc4 7. Ne5 Nxe5 8.
dxe5 Nd7 9. f4 Qc7 10. Na3 Nb6 11. Bd2 Bd7 12. Qc2 Ba4 13. Qc1 Bc6 14. e4 Be7
15. Ba5 O-O 16. Nxc4 Rfd8 17. Qc2 Rd4 18. Rad1 Bb5 19. Nxb6 Rxd1 20. Rxd1 axb6
21. Bb4 Qc6 22. Ba3 Ba4 23. b3 Bxb3 24. Qxb3 c4 25. Qb2 Rxa3 26. Qc2 h6 27. Bf1
b5 28. Rd2 Qc5+ 29. Kg2 Qe3 30. Re2 Qf3+ 0-1

[Event "XXVIII C.to Italiano a squadre"]
[Site "ITA"]
[Date "1996.??.??"]
[Round "?"]
[White "Villani, Cristian"]
[Black "Falchetta, Giovanni"]
[WhiteElo "1756"]
[BlackElo "2205"]
[Result "1/2-1/2"]
[PlyCount "52"]
[EventDate "1996.02.25"]

1. Nf3 d5 2. d4 Bf5 3. c4 e6 4. g3 c6 5. Bg2 Nf6 6. O-O Be7 7. Bf4 Nbd7 8. Nbd2
Qb6 9. Qb3 Ne4 10. Rfd1 O-O 11. Ne1 Ndf6 12. Nxe4 Nxe4 13. Rac1 Qxb3 14. axb3
Rac8 15. Nd3 g5 16. Be3 Nd6 17. Ne5 Rfd8 18. Nf3 f6 19. h4 h6 20. hxg5 hxg5 21.
Nd2 Kf7 22. Ra1 a6 23. Rac1 Rh8 24. Nf3 Be4 25. Bd2 Nf5 26. Ba5 Rh7 1/2-1/2

[Event "XXVIII C.to Italiano a squadre"]
[Site "ITA"]
[Date "1996.??.??"]
[Round "?"]
[White "Vitri, Sergio"]
[Black "Bison, Beniamino"]
[WhiteElo "2105"]
[BlackElo "1932"]
[Result "1-0"]
[PlyCount "91"]
[EventDate "1996.02.25"]

1. d4 Nf6 2. Nf3 b6 3. Bg5 e6 4. Nbd2 h6 5. Bh4 Bb7 6. e3 Be7 7. Bd3 d6 8. O-O
Nbd7 9. c3 O-O 10. e4 e5 11. Re1 Nh7 12. Bg3 Bf6 13. a4 a5 14. Nc4 Re8 15. dxe5
dxe5 16. Qc2 Ng5 17. Nxg5 Bxg5 18. Rad1 Qe7 19. Ne3 Bxe3 20. Rxe3 Nc5 21. f3
Bc6 22. Bb5 Bxb5 23. axb5 a4 24. Rd5 f6 25. Re1 Red8 26. Red1 Rxd5 27. Rxd5 a3
28. bxa3 Rxa3 29. h3 Qe8 30. Qe2 Kh7 31. c4 Qg6 32. Bf2 Ne6 33. Be3 Qe8 34. Qd2
Qa8 35. Rd7 h5 36. Re7 Qc8 37. Qd5 Rxe3 38. Qxe6 Qxe6 39. Rxe6 Rc3 40. Rc6 Rc2
41. h4 Kh6 42. Rxc7 g5 43. Rc6 Kg6 44. g3 Kg7 45. Rxb6 Rxc4 46. Rb8 1-0

[Event "XXVIII C.to Italiano a squadre"]
[Site "ITA"]
[Date "1996.??.??"]
[Round "?"]
[White "Wagman, Stuart"]
[Black "Caposciutti, Maurizio"]
[WhiteElo "2220"]
[BlackElo "2310"]
[Result "0-1"]
[PlyCount "46"]
[EventDate "1996.02.25"]

1. e4 c5 2. Nc3 d6 3. f4 Nc6 4. Nf3 g6 5. Bc4 Bg7 6. d3 e6 7. O-O Nge7 8. Qe1
a6 9. f5 b5 10. Bb3 gxf5 11. Bg5 Nd4 12. Nxd4 Bxd4+ 13. Kh1 Rg8 14. Qh4 Bb7 15.
Rae1 h6 16. Bf6 Rg4 17. Qxh6 Ng8 18. Bxd8 Nxh6 19. h3 Rxd8 20. hxg4 Nxg4 21.
Ne2 Be3 22. Nf4 Ke7 23. exf5 Rh8+ 0-1

[Event "XXVIII C.to Italiano a squadre"]
[Site "ITA"]
[Date "1996.??.??"]
[Round "1"]
[White "Castelfranchi, Carlo"]
[Black "Lucaroni, Massimiliano"]
[WhiteElo "2270"]
[BlackElo "2260"]
[Result "1-0"]
[PlyCount "93"]
[EventDate "1996.02.25"]

1. e4 e5 2. Nf3 Nc6 3. Bb5 Nf6 4. O-O Bc5 5. c3 O-O 6. d4 Bb6 7. Bg5 h6 8. Bxf6
Qxf6 9. Bxc6 Qxc6 10. d5 Qg6 11. Nbd2 d6 12. Kh1 Bg4 13. h3 Bd7 14. a4 a6 15.
a5 Ba7 16. Qe2 c6 17. Qc4 cxd5 18. Qxd5 Bc6 19. Qd3 Rae8 20. Nh4 Qe6 21. c4 g6
22. b4 f5 23. Nhf3 fxe4 24. Nxe4 Rf4 25. Nfd2 Bd4 26. Rab1 Ref8 27. b5 axb5 28.
cxb5 Bxe4 29. Nxe4 d5 30. Nc3 Rf3 31. gxf3 Qxh3+ 32. Kg1 Rf5 33. Qxf5 gxf5 34.
Ne2 Ba7 35. b6 Bb8 36. Rfc1 f4 37. a6 bxa6 38. b7 Bd6 39. b8=Q+ Bxb8 40. Rxb8+
Kf7 41. Rc7+ Kg6 42. Rc6+ Kf5 43. Rg8 e4 44. Rf8+ Ke5 45. Re8+ Kf5 46. Nd4+ Kg5
47. Rg8+ 1-0

[Event "XXVIII C.to Italiano a squadre"]
[Site "ITA"]
[Date "1996.??.??"]
[Round "1"]
[White "Cocozza, Mario"]
[Black "Steinfl, Alessandro"]
[WhiteElo "2315"]
[BlackElo "2255"]
[Result "0-1"]
[PlyCount "132"]
[EventDate "1996.02.25"]

1. e4 c5 2. Nf3 Nc6 3. Bb5 g6 4. O-O Bg7 5. Re1 Nf6 6. e5 Nd5 7. Nc3 Nc7 8.
Bxc6 dxc6 9. Ne4 Ne6 10. d3 Qc7 11. Be3 b6 12. a4 a5 13. Ned2 Ba6 14. b3 Bxe5
15. Nxe5 Qxe5 16. Nc4 Qc7 17. Bh6 Bxc4 18. bxc4 O-O-O 19. Qf3 Nd4 20. Qxf7 Nxc2
21. Bf4 Rhf8 22. Qxf8 Rxf8 23. Bxc7 Kxc7 24. Rxe7+ Kd6 25. Rae1 Nxe1 26. Rxe1
Rb8 27. Kf1 b5 28. cxb5 cxb5 29. axb5 Rxb5 30. Ra1 Kc6 31. Ra2 Rb1+ 32. Ke2 Kb5
33. h4 Kb4 34. Kd2 a4 35. Kc2 Rb3 36. g3 a3 37. g4 Rc3+ 38. Kd2 c4 39. dxc4
Rxc4 40. Ra1 Rxg4 41. Rb1+ Kc4 42. Rb7 Rxh4 43. Kc2 Rh3 44. Rc7+ Kd4 45. Ra7 g5
46. Ra4+ Ke5 47. Ra5+ Kf4 48. Ra4+ Kf5 49. Ra5+ Kg4 50. Ra4+ Kh5 51. Kd2 g4 52.
Ke2 Rb3 53. Kf1 Kg5 54. Kg2 Kf5 55. Ra7 h5 56. Ra5+ Ke4 57. Rxh5 a2 58. Ra5 Rb2
59. Kg3 Kd3 60. Kxg4 Rxf2 61. Kg3 Rc2 62. Kf3 Kc3 63. Ke3 Kb2 64. Rb5+ Kc1 65.
Ra5 Kb1 66. Kd3 Rb2 0-1

[Event "XXVIII C.to Italiano a squadre"]
[Site "ITA"]
[Date "1996.??.??"]
[Round "1"]
[White "Djuric, Stefan"]
[Black "Vezzosi, Paolo"]
[WhiteElo "2515"]
[BlackElo "2310"]
[Result "1-0"]
[PlyCount "45"]
[EventDate "1996.02.25"]

1. d4 Nf6 2. Nf3 e6 3. e3 b6 4. Bd3 c5 5. O-O Bb7 6. c4 Be7 7. Nc3 cxd4 8. exd4
O-O 9. d5 Na6 10. Re1 Nc7 11. Nd4 exd5 12. Nf5 Bc5 13. cxd5 Ncxd5 14. Nxd5 Bxd5
15. Bg5 a5 16. Rc1 Be6 17. Qf3 Re8 18. Nxg7 Kxg7 19. Qg3 Rh8 20. Re5 Kf8 21.
Rexc5 bxc5 22. Qh4 Qb6 23. Qh6+ 1-0

[Event "XXVIII C.to Italiano a squadre"]
[Site "ITA"]
[Date "1996.??.??"]
[Round "1"]
[White "Iotti, Pierluigi"]
[Black "Cecconi, Giovanni Alberto"]
[WhiteElo "2285"]
[BlackElo "2103"]
[Result "1-0"]
[PlyCount "65"]
[EventDate "1996.02.25"]

1. d4 Nf6 2. Nf3 e6 3. c4 d5 4. Nc3 c6 5. e3 dxc4 6. Bxc4 b5 7. Bd3 a6 8. a4 b4
9. Ne4 Nbd7 10. O-O Bb7 11. Qe2 Nxe4 12. Bxe4 Bd6 13. b3 Nf6 14. Bd3 Nd5 15.
Bb2 O-O 16. Rac1 a5 17. g3 g6 18. e4 Nc7 19. Qe3 Re8 20. h4 Bf8 21. h5 Qd7 22.
Ne5 Qd6 23. Qf4 Re7 24. Nxg6 e5 25. Nxe7+ Bxe7 26. Qxe5 Qxe5 27. dxe5 Ne6 28.
f3 Kg7 29. Bc4 Kh6 30. Bxe6 fxe6 31. Rfd1 Rb8 32. Rd7 Bf8 33. Bd4 1-0

[Event "XXVIII C.to Italiano a squadre"]
[Site "ITA"]
[Date "1996.??.??"]
[Round "1"]
[White "Moncher, Stefano"]
[Black "Tonon, Alessandro"]
[WhiteElo "2200"]
[BlackElo "2031"]
[Result "1-0"]
[PlyCount "81"]
[EventDate "1996.02.25"]

1. e4 Nf6 2. e5 Nd5 3. d4 d6 4. c4 Nb6 5. exd6 cxd6 6. Nc3 g6 7. a4 a5 8. Nf3
Bg7 9. Be3 Nc6 10. d5 Ne5 11. Nxe5 Bxe5 12. Bd4 Nd7 13. Be2 O-O 14. O-O Bxd4
15. Qxd4 Qb6 16. Nb5 Qxd4 17. Nxd4 Nc5 18. Rfe1 Bd7 19. Bd1 e5 20. dxe6 fxe6
21. g3 e5 22. Nb5 Rf6 23. Nc3 Raf8 24. Re2 Bc6 25. Rd2 Ne6 26. h4 Nd4 27. Nd5
Bxd5 28. cxd5 Rc8 29. Ra3 Rf7 30. Kg2 Rc4 31. Rad3 Rfc7 32. f4 Kg7 33. fxe5
dxe5 34. Re3 Kf6 35. Rf2+ Ke7 36. Rxe5+ Kd6 37. Re8 Kxd5 38. h5 Rc1 39. Rd2 Rd7
40. Bf3+ Kc5 41. Rc8+ 1-0

[Event "XXVIII C.to Italiano a squadre"]
[Site "ITA"]
[Date "1996.??.??"]
[Round "1"]
[White "Pieri, Filippo"]
[Black "Anceschi, Vittorio"]
[WhiteElo "2215"]
[BlackElo "2285"]
[Result "1/2-1/2"]
[PlyCount "107"]
[EventDate "1996.02.25"]

1. e4 e6 2. d4 d5 3. Nc3 Nf6 4. Bg5 Bb4 5. e5 h6 6. Bd2 Bxc3 7. bxc3 Ne4 8. Qg4
Kf8 9. h4 Nxd2 10. Kxd2 c5 11. Rh3 cxd4 12. cxd4 Qa5+ 13. Kd1 Nc6 14. Rg3 Rg8
15. Bd3 Qc3 16. Rb1 Qxd4 17. Qxd4 Nxd4 18. f4 Ke7 19. Ne2 Nxe2 20. Kxe2 b6 21.
Rb3 g6 22. Rc3 Bd7 23. Ba6 Kd8 24. h5 b5 25. f5 g5 26. Rc5 Rb8 27. Rb3 g4 28.
Bxb5 Bxb5+ 29. Rbxb5 Rxb5 30. Rxb5 Rg5 31. fxe6 fxe6 32. Rb7 Rxh5 33. Rxa7
Rxe5+ 34. Kf2 d4 35. Rh7 h5 36. Kg3 Rc5 37. Kf4 Rxc2 38. Rxh5 Rxa2 39. Ke4 Ke7
40. g3 Ra3 41. Kxd4 Kf6 42. Ke4 Rf3 43. Rh8 Rxg3 44. Rf8+ Kg7 45. Re8 Kf7 46.
Rh8 Rg1 47. Kf4 g3 48. Kf3 Kf6 49. Rf8+ Ke5 50. Ra8 Kf6 51. Rf8+ Ke7 52. Ra8
Kd6 53. Ra6+ Ke5 54. Ra8 1/2-1/2

[Event "XXVIII C.to Italiano a squadre"]
[Site "ITA"]
[Date "1996.??.??"]
[Round "1"]
[White "Satta, Vladimiro"]
[Black "Gervasi, Giancarlo"]
[WhiteElo "2290"]
[BlackElo "2325"]
[Result "1-0"]
[PlyCount "101"]
[EventDate "1996.02.25"]

1. g3 Nf6 2. Bg2 e5 3. c4 Bc5 4. Nc3 O-O 5. e3 Nc6 6. a3 a5 7. Nge2 d6 8. d4
Ba7 9. O-O Bf5 10. b4 Qd7 11. b5 Nd8 12. dxe5 dxe5 13. Bb2 Qd3 14. e4 Qxd1 15.
Raxd1 Bg6 16. Nd5 Bh5 17. Rd2 Bxe2 18. Rxe2 Nxd5 19. cxd5 f6 20. Rc1 Bb6 21. a4
Nf7 22. Ba3 Nd6 23. Rec2 g6 24. Rxc7 Bxc7 25. Rxc7 Rfd8 26. Bh3 f5 27. Bxd6
Rxd6 28. Rxb7 Rc8 29. exf5 Rc4 30. fxg6 hxg6 31. Bd7 Rxa4 32. b6 Rb4 33. Rb8+
Kf7 34. Bc6 Ke7 35. Re8+ Kf7 36. Rb8 Ke7 37. Rb7+ Kd8 38. Rb8+ Ke7 39. b7 Rd8
40. Ra8 a4 41. Rxa4 Rxa4 42. Bxa4 Kd6 43. Bc6 Kc7 44. h4 Rf8 45. Kf1 g5 46.
hxg5 Rg8 47. Ke2 Rxg5 48. Ke3 Rf5 49. f3 Kb8 50. Ke4 Rf8 51. d6 1-0

[Event "XXVIII C.to Italiano a squadre"]
[Site "ITA"]
[Date "1996.??.??"]
[Round "1"]
[White "Tassi, Oliviero"]
[Black "Ferretti, Folco"]
[WhiteElo "2315"]
[BlackElo "2285"]
[Result "0-1"]
[PlyCount "68"]
[EventDate "1996.02.25"]

1. Nf3 d5 2. g3 g6 3. Bg2 Bg7 4. O-O e5 5. d3 Ne7 6. Nbd2 Nbc6 7. e4 O-O 8.
exd5 Nxd5 9. Re1 Re8 10. Nc4 Bf5 11. h3 Nb6 12. Ne3 Be6 13. Ng4 Qc8 14. Ng5 Bd5
15. Bxd5 Nxd5 16. Qf3 Qd7 17. c4 Ndb4 18. Ne4 Qf5 19. Nef6+ Kh8 20. Qxf5 gxf5
21. Nxe8 Rxe8 22. Ne3 f4 23. gxf4 exf4 24. Ng2 Rg8 25. Bxf4 Nxd3 26. Bxc7 Bxb2
27. Red1 Bxa1 28. Rxd3 Re8 29. Ne3 Re7 30. Bd6 Rd7 31. Nf5 f6 32. f4 Nd4 33.
Nh6 Kg7 34. Rd1 Rxd6 0-1

[Event "XXVIII C.to Italiano a squadre"]
[Site "ITA"]
[Date "1996.??.??"]
[Round "1"]
[White "Tirabassi, Maurizio"]
[Black "Efimov, Igor"]
[WhiteElo "2330"]
[BlackElo "2455"]
[Result "0-1"]
[PlyCount "80"]
[EventDate "1996.02.25"]

1. c4 Nf6 2. Nc3 e6 3. d4 Bb4 4. Qc2 c5 5. dxc5 Qc7 6. Nf3 Bxc5 7. Bg5 Be7 8.
e3 a6 9. Be2 b6 10. Rc1 Bb7 11. O-O d6 12. Rfd1 Nbd7 13. e4 O-O 14. Nd4 Rfe8
15. Be3 Rac8 16. f3 Qb8 17. Qd2 Bd8 18. Bf1 Bc7 19. g3 Ne5 20. Qf2 Qa8 21. h3
Ned7 22. Nb3 Qb8 23. Kg2 h6 24. Nd2 Rcd8 25. Re1 d5 26. cxd5 exd5 27. Nxd5 Bxd5
28. exd5 Nxd5 29. Bd4 b5 30. Rxe8+ Rxe8 31. Ne4 Re6 32. Nc5 Nxc5 33. Rxc5 Bxg3
34. Qxg3 Rg6 35. Qxg6 Nf4+ 36. Kf2 Nxg6 37. Be3 Qh2+ 38. Ke1 Qxb2 39. Bd3 Qxa2
40. h4 Qe6 0-1

[Event "XXVIII C.to Italiano a squadre"]
[Site "ITA"]
[Date "1996.??.??"]
[Round "2"]
[White "Anceschi, Vittorio"]
[Black "Borgo, Giulio"]
[WhiteElo "2285"]
[BlackElo "2400"]
[Result "1/2-1/2"]
[PlyCount "89"]
[EventDate "1996.02.25"]

1. e4 c5 2. Nc3 e6 3. g3 d5 4. Bg2 Nf6 5. d3 Be7 6. Nge2 d4 7. Nb1 e5 8. O-O
Nc6 9. a4 O-O 10. Na3 Ne8 11. f4 Nd6 12. f5 Bg5 13. h4 Bxc1 14. Nxc1 Na5 15.
Nb3 Nxb3 16. cxb3 f6 17. Qd2 a5 18. Qc2 b6 19. Nc4 Nf7 20. Bf3 Ra7 21. Kh2 g6
22. g4 g5 23. h5 Ba6 24. Rfc1 Qc7 25. Qd2 Rb8 26. Bd1 Nd8 27. Kg2 Nc6 28. Ra3
Nb4 29. Rca1 Bb7 30. Bf3 Bc6 31. Rc1 Bd7 32. Rca1 Bc8 33. Rc1 Bb7 34. Raa1 Bc6
35. Ra3 Bd7 36. Rca1 Kg7 37. Rc1 Be8 38. Be2 Bd7 39. Raa1 Bc6 40. Bf3 Be8 41.
Be2 Bf7 42. Bd1 h6 43. Be2 Rab7 44. Re1 Qd8 45. Bd1 1/2-1/2

[Event "XXVIII C.to Italiano a squadre"]
[Site "ITA"]
[Date "1996.??.??"]
[Round "2"]
[White "Belotti, Bruno"]
[Black "Tirabassi, Maurizio"]
[WhiteElo "2390"]
[BlackElo "2330"]
[Result "1-0"]
[PlyCount "95"]
[EventDate "1996.02.25"]

1. e4 c5 2. Nf3 e6 3. d3 Nc6 4. g3 g6 5. Bg2 Bg7 6. O-O Nge7 7. Re1 d6 8. c3 e5
9. a3 a5 10. a4 O-O 11. Na3 h6 12. Nd2 d5 13. exd5 Nxd5 14. Qb3 Nde7 15. Qb5
Be6 16. Nac4 Qxd3 17. Nb6 Rad8 18. Ne4 Qc2 19. Nxc5 Rd1 20. Be3 Rxa1 21. Rxa1
Na7 22. Qf1 Nf5 23. Bc1 Nd6 24. Nxe6 fxe6 25. Be3 Qxb2 26. Bc5 Rf7 27. Rb1 Qc2
28. Bxd6 Rxf2 29. Qxf2 Qxb1+ 30. Bf1 Nc6 31. Nc4 e4 32. Nd2 Qc2 33. Qe2 Bxc3
34. Nxe4 Bd4+ 35. Nf2 Qf5 36. Bf4 Kh7 37. Kg2 Ne5 38. Bxe5 Bxe5 39. Qe4 Qxe4+
40. Nxe4 b6 41. Bc4 Kg7 42. Bxe6 Bd4 43. Kf3 Kf8 44. Bd5 Ke7 45. h3 Kd7 46. Bf7
g5 47. Bc4 Ke7 48. Kg4 1-0

[Event "XXVIII C.to Italiano a squadre"]
[Site "ITA"]
[Date "1996.??.??"]
[Round "2"]
[White "Corvi, Marco"]
[Black "Ortega, Lexy"]
[WhiteElo "2215"]
[BlackElo "2490"]
[Result "0-1"]
[PlyCount "60"]
[EventDate "1996.02.25"]

1. e4 c5 2. f4 e6 3. d3 d5 4. g3 dxe4 5. dxe4 Qxd1+ 6. Kxd1 Bd7 7. Nh3 Bc6 8.
Bg2 Nf6 9. Nf2 Na6 10. c3 O-O-O+ 11. Kc2 c4 12. Be3 Bc5 13. Re1 h5 14. h4 Rd7
15. Nd2 Rhd8 16. Rad1 Bxe3 17. Rxe3 Ng4 18. Nxg4 hxg4 19. Bf1 Nc5 20. Bxc4 Nxe4
21. Rxe4 Bxe4+ 22. Nxe4 Rxd1 23. Ng5 R8d2+ 24. Kb3 Rd7 25. Bb5 Rg1 26. Ne4 f5
27. Nc5 Rd5 28. Kb4 Rxc5 29. Kxc5 Rxg3 30. Kd6 Re3 0-1

[Event "XXVIII C.to Italiano a squadre"]
[Site "ITA"]
[Date "1996.??.??"]
[Round "2"]
[White "Iannaccone, Ernesto"]
[Black "Castelfranchi, Carlo"]
[WhiteElo "2375"]
[BlackElo "2270"]
[Result "1-0"]
[PlyCount "83"]
[EventDate "1996.02.25"]

1. d4 Nf6 2. Nf3 g6 3. Bf4 Bg7 4. e3 d5 5. Be2 O-O 6. Nbd2 Nbd7 7. h3 c5 8. c3
b6 9. O-O Bb7 10. a4 Ne4 11. Nxe4 dxe4 12. Nd2 e5 13. dxe5 Nxe5 14. Nc4 Qxd1
15. Rfxd1 Nxc4 16. Bxc4 Rfd8 17. a5 Bc6 18. axb6 axb6 19. Rxa8 Rxa8 20. Rd6 Be8
21. Rxb6 Rd8 22. Rb8 Rxb8 23. Bxb8 Bc6 24. Bd6 Bf8 25. Bxf8 Kxf8 26. Kf1 f6 27.
b4 cxb4 28. cxb4 Ke7 29. Ke2 g5 30. Kd2 h5 31. Kc3 Kd6 32. Kd4 h4 33. Be2 f5
34. b5 Bb7 35. b6 Bc8 36. Bc4 Bb7 37. Bf7 g4 38. Bg6 gxh3 39. gxh3 Ke6 40. Kc5
Kf6 41. Be8 f4 42. Bc6 1-0

[Event "XXVIII C.to Italiano a squadre"]
[Site "ITA"]
[Date "1996.??.??"]
[Round "2"]
[White "Martorelli, Antonio"]
[Black "Tassi, Oliviero"]
[WhiteElo "2305"]
[BlackElo "2315"]
[Result "1/2-1/2"]
[PlyCount "88"]
[EventDate "1996.02.25"]

1. d4 Nf6 2. c4 e6 3. Nc3 d5 4. Bg5 Be7 5. e3 O-O 6. Nf3 c6 7. Qc2 Nbd7 8. a3
Qa5 9. c5 Re8 10. Bd3 h6 11. Bh4 e5 12. dxe5 Ng4 13. Bg3 Bxc5 14. O-O Qd8 15.
b4 Bb6 16. e6 fxe6 17. h3 Ngf6 18. Bg6 Re7 19. Bd6 e5 20. Bxe7 Qxe7 21. e4 Nf8
22. exd5 cxd5 23. Rfe1 e4 24. Nxd5 Nxd5 25. Bxe4 Qf7 26. Ne5 Qe6 27. Nc4 Kh8
28. Bxd5 Qxd5 29. Re5 Qc6 30. Rd1 Be6 31. Ne3 Qxc2 32. Nxc2 Bb3 33. Rd2 Ng6 34.
Re1 Rf8 35. Nd4 Bc4 36. Nf3 Bb5 37. Ne5 Nf4 38. Re4 Kg8 39. Nd7 Bxd7 40. Rxd7
Bxf2+ 41. Kxf2 Nd5+ 42. Ke2 Nf6 43. Ree7 Nxd7 44. Rxd7 Rf7 1/2-1/2

[Event "XXVIII C.to Italiano a squadre"]
[Site "ITA"]
[Date "1996.??.??"]
[Round "2"]
[White "Quinto, Gianni"]
[Black "Vallifuoco, Giacomo"]
[WhiteElo "2220"]
[BlackElo "2395"]
[Result "1-0"]
[PlyCount "75"]
[EventDate "1996.02.25"]

1. d4 Nf6 2. c4 e6 3. Nf3 d5 4. g3 Be7 5. Bg2 O-O 6. O-O dxc4 7. Nc3 a6 8. Ne5
c5 9. dxc5 Bxc5 10. Qxd8 Rxd8 11. Bg5 Nbd7 12. Rfd1 h6 13. Bxf6 gxf6 14. Nxc4
Rb8 15. Rac1 Be7 16. a3 Ne5 17. Rxd8+ Bxd8 18. Nd6 Be7 19. Nxc8 Rxc8 20. Bxb7
Rb8 21. Bxa6 Rxb2 22. a4 f5 23. Nd1 Ra2 24. Bb5 Kg7 25. Ne3 Ng4 26. Nxg4 fxg4
27. Rc7 Kf8 28. h3 h5 29. Kg2 Bd6 30. Rc8+ Kg7 31. hxg4 hxg4 32. Rc4 f5 33. Rc6
Rd2 34. Bd3 Bb8 35. Rxe6 f4 36. gxf4 Bxf4 37. Rg6+ Kf7 38. Rxg4 1-0

[Event "XXVIII C.to Italiano a squadre"]
[Site "ITA"]
[Date "1996.??.??"]
[Round "2"]
[White "Rossi, Carlo"]
[Black "Iotti, Pierluigi"]
[WhiteElo "2320"]
[BlackElo "2285"]
[Result "1/2-1/2"]
[PlyCount "38"]
[EventDate "1996.02.25"]

1. Nf3 d5 2. g3 c5 3. Bg2 Nc6 4. O-O e6 5. b3 Be7 6. Bb2 Nf6 7. c4 O-O 8. cxd5
Nxd5 9. Nc3 Nxc3 10. Bxc3 Rb8 11. Rc1 b6 12. d4 Bb7 13. dxc5 Bxc5 14. Ne5 Nxe5
15. Bxe5 Bxg2 16. Kxg2 Rb7 17. Qxd8 Rxd8 18. Rfd1 Rxd1 19. Rxd1 f6 1/2-1/2

[Event "XXVIII C.to Italiano a squadre"]
[Site "ITA"]
[Date "1996.??.??"]
[Round "2"]
[White "Sibilio, Mario"]
[Black "Arlandi, Ennio"]
[WhiteElo "2320"]
[BlackElo "2455"]
[Result "0-1"]
[PlyCount "122"]
[EventDate "1996.02.25"]

1. e4 c6 2. d4 d5 3. e5 Bf5 4. c4 e6 5. Nc3 dxc4 6. Bxc4 Nd7 7. Nge2 Ne7 8. Nf4
Nd5 9. g4 Nxc3 10. bxc3 Be4 11. f3 Qh4+ 12. Ke2 Bd5 13. Nxd5 cxd5 14. Bb5 Qd8
15. Rb1 a6 16. Bd3 Qc7 17. Qb3 Rb8 18. Ba3 Bxa3 19. Qxa3 f6 20. f4 Kf7 21. g5
f5 22. Qb3 Qc6 23. a4 h6 24. g6+ Kxg6 25. Rhg1+ Kf7 26. c4 dxc4 27. Qxc4 Rhc8
28. Qxc6 Rxc6 29. Rgc1 Rxc1 30. Rxc1 Nb6 31. Rc7+ Kf8 32. Kf3 Nd5 33. Rc5 Ke7
34. Bc4 Nb6 35. Bb3 Rd8 36. a5 Nd5 37. h4 Nb4 38. Ba4 Rxd4 39. Rc7+ Kf8 40.
Rc8+ Ke7 41. Re8+ Kf7 42. Rb8 Nd5 43. Rxb7+ Kg8 44. Bd7 Rd3+ 45. Kf2 Nxf4 46.
h5 Ra3 47. Be8 Nd3+ 48. Kf1 Nxe5 49. Re7 Kf8 50. Rxe6 Rxa5 51. Bg6 Nxg6 52.
hxg6 Ra4 53. Kf2 Rf4+ 54. Kg3 Rg4+ 55. Kh3 a5 56. Re5 Rxg6 57. Rxf5+ Rf6 58.
Rxa5 Kf7 59. Kg4 Kg6 60. Kh4 Rb6 61. Ra4 h5 0-1

[Event "XXVIII C.to Italiano a squadre"]
[Site "ITA"]
[Date "1996.??.??"]
[Round "2"]
[White "Vezzosi, Paolo"]
[Black "Godena, Michele"]
[WhiteElo "2310"]
[BlackElo "2485"]
[Result "1/2-1/2"]
[PlyCount "54"]
[EventDate "1996.02.25"]

1. d4 d5 2. c4 e6 3. Nc3 c6 4. e3 Nf6 5. Nf3 a6 6. Bd3 dxc4 7. Bxc4 b5 8. Bd3
Nbd7 9. O-O c5 10. Qe2 Bb7 11. Rd1 Qb8 12. b3 Bd6 13. h3 O-O 14. Bb2 Re8 15.
Rac1 cxd4 16. Nxd4 Ra7 17. Bb1 Ba8 18. Rd2 Rc7 19. Rdc2 Qb7 20. f3 Bc5 21. Nd1
Rec8 22. a3 Nd5 23. b4 Bb6 24. Rxc7 Rxc7 25. Rxc7 Qxc7 26. Qc2 Qxc2 27. Nxc2
Bc7 1/2-1/2

[Event "XXVIII C.to Italiano a squadre"]
[Site "ITA"]
[Date "1996.??.??"]
[Round "3"]
[White "Arlandi, Ennio"]
[Black "Corvi, Marco"]
[WhiteElo "2455"]
[BlackElo "2215"]
[Result "1/2-1/2"]
[PlyCount "158"]
[EventDate "1996.02.25"]

1. d4 f5 2. g3 Nf6 3. Bg2 e6 4. Nf3 b6 5. O-O Bb7 6. c4 Bd6 7. Nc3 O-O 8. d5 c6
9. dxe6 dxe6 10. e4 fxe4 11. Ng5 Qe7 12. Ncxe4 Bc7 13. Qc2 Na6 14. Bd2 Rae8 15.
Rae1 e5 16. b4 h6 17. b5 hxg5 18. bxa6 Nxe4 19. axb7 Nxd2 20. Qxd2 Rd8 21. Qe3
Qf6 22. Qe4 Rd6 23. Qxe5 Qxe5 24. Rxe5 Rb8 25. Rfe1 Bd8 26. Re6 Rxe6 27. Rxe6
Kf7 28. Rd6 Ke7 29. Rxc6 Rxb7 30. Rg6 Rc7 31. Rxg7+ Ke6 32. Rxc7 Bxc7 33. h4
gxh4 34. gxh4 Ke5 35. h5 Kf5 36. Bc6 Bf4 37. Kg2 Kg4 38. Be8 Bg5 39. f3+ Kf4
40. Kf2 Bh6 41. Bd7 Bg5 42. Ke2 Bh6 43. Bg4 Ke5 44. Kd3 Bg5 45. Kc3 a5 46. c5
bxc5 47. Kc4 Kd6 48. Bf5 Bh6 49. Be4 Bf4 50. Kb5 Bd2 51. Ba8 Ke5 52. Kxc5 Kf5
53. Be4+ Kg5 54. Bg6 Bb4+ 55. Kc4 Bd2 56. a4 Bf4 57. Be8 Be3 58. Kd5 Bd2 59.
Ke6 Bc1 60. Bg6 Bd2 61. Kf7 Bc1 62. Kg7 Bb2+ 63. Kh7 Bc1 64. Be8 Bd2 65. Kg8
Bc1 66. Bf7 Bd2 67. Bg6 Bb4 68. Kf7 Bd2 69. Ke6 Bc1 70. Ke5 Bd2 71. Ke4 Bc1 72.
Be8 Bd2 73. Kd3 Bf4 74. Kc3 Bc1 75. Kc4 Be3 76. Kb5 Bd2 77. Kb6 Kh6 78. f4 Bxf4
79. Kxa5 Bd2+ 1/2-1/2